Graveyard shakes / (Record no. 8155)

MARC details
000 -LEADER
fixed length control field 02259cam a2200589 i 4500
001 - CONTROL NUMBER
control field 8155
003 - CONTROL NUMBER IDENTIFIER
control field FISKH
005 - DATE AND TIME OF LATEST TRANSACTION
control field 20250829092111.0
008 - FIXED-LENGTH DATA ELEMENTS--GENERAL INFORMATION
fixed length control field 161117s2017 nyua j 6 000 1 eng d
010 ## - LIBRARY OF CONGRESS CONTROL NUMBER
LC control number 2016960079
020 ## - INTERNATIONAL STANDARD BOOK NUMBER
International Standard Book Number 9780545889551
Qualifying information (hardcover)
020 ## - INTERNATIONAL STANDARD BOOK NUMBER
International Standard Book Number 0545889553
Qualifying information (hardcover)
020 ## - INTERNATIONAL STANDARD BOOK NUMBER
International Standard Book Number 9780545889544
Qualifying information (pbk)
020 ## - INTERNATIONAL STANDARD BOOK NUMBER
International Standard Book Number 0545889545
Qualifying information (pbk)
040 ## - CATALOGING SOURCE
Original cataloging agency FISKH
Language of cataloging eng
Transcribing agency FISKH
Description conventions FISKH
050 00 - LIBRARY OF CONGRESS CALL NUMBER
Classification number PZ7.7.T475
Item number Gr 2017
082 04 - DEWEY DECIMAL CLASSIFICATION NUMBER
Classification number 741.5973
Edition number 23
100 1# - MAIN ENTRY--PERSONAL NAME
Personal name Terry, Laura,
Relator term author,
-- illustrator.
245 10 - TITLE STATEMENT
Title Graveyard shakes /
Statement of responsibility, etc. Laura Terry.
260 ## - PUBLICATION, DISTRIBUTION, ETC.
Place of publication, distribution, etc. New York :
Name of publisher, distributor, etc. Scholastic,
Date of publication, distribution, etc. 2017
300 ## - PHYSICAL DESCRIPTION
Extent 203 pages :
Other physical details color illustrations ;
Dimensions 21 cm
336 ## - CONTENT TYPE
Content type term text
Content type code txt
Source rdacontent
336 ## - CONTENT TYPE
Content type term still image
Content type code sti
Source rdacontent
337 ## - MEDIA TYPE
Media type term unmediated
Media type code n
Source rdamedia
338 ## - CARRIER TYPE
Carrier type term volume
Carrier type code nc
Source rdacarrier
380 ## - FORM OF WORK
Form of work Comic or graphic novel
520 ## - SUMMARY, ETC.
Summary, etc. When Katia runs away from her private boarding school her sister Victoria goes looking for her, accidentally stumbling into the underworld of a nearby graveyard inhabited by ghosts and a man named Nikola, who is preparing a sinister spell.
650 #1 - SUBJECT ADDED ENTRY--TOPICAL TERM
Topical term or geographic name entry element Graphic novels.
650 #1 - SUBJECT ADDED ENTRY--TOPICAL TERM
Topical term or geographic name entry element Supernatural
Form subdivision Fiction.
650 #1 - SUBJECT ADDED ENTRY--TOPICAL TERM
Topical term or geographic name entry element Sisters
Form subdivision Fiction.
650 #1 - SUBJECT ADDED ENTRY--TOPICAL TERM
Topical term or geographic name entry element Cemeteries
Form subdivision Fiction.
650 #1 - SUBJECT ADDED ENTRY--TOPICAL TERM
Topical term or geographic name entry element Boarding schools
Form subdivision Fiction.
650 #1 - SUBJECT ADDED ENTRY--TOPICAL TERM
Topical term or geographic name entry element Schools
Form subdivision Fiction.
650 #7 - SUBJECT ADDED ENTRY--TOPICAL TERM
Topical term or geographic name entry element JUVENILE FICTION / Action & Adventure.
Source of heading or term bisacsh
650 #7 - SUBJECT ADDED ENTRY--TOPICAL TERM
Topical term or geographic name entry element JUVENILE FICTION / Comics & Graphic Novels.
Source of heading or term bisacsh
650 #7 - SUBJECT ADDED ENTRY--TOPICAL TERM
Topical term or geographic name entry element JUVENILE FICTION / Social Themes / Adolescence.
Source of heading or term bisacsh
650 #7 - SUBJECT ADDED ENTRY--TOPICAL TERM
Topical term or geographic name entry element Boarding schools.
Source of heading or term fast
Authority record control number or standard number (OCoLC)fst00835102
650 #7 - SUBJECT ADDED ENTRY--TOPICAL TERM
Topical term or geographic name entry element Cemeteries.
Source of heading or term fast
Authority record control number or standard number (OCoLC)fst00850521
650 #7 - SUBJECT ADDED ENTRY--TOPICAL TERM
Topical term or geographic name entry element Sisters.
Source of heading or term fast
Authority record control number or standard number (OCoLC)fst01119758
655 #0 - INDEX TERM--GENRE/FORM
Genre/form data or focus term Graphic novels.
655 #4 - INDEX TERM--GENRE/FORM
Genre/form data or focus term Graphic novels.
655 #7 - INDEX TERM--GENRE/FORM
Genre/form data or focus term Comic books, strips, etc.
Source of term fast
Authority record control number or standard number (OCoLC)fst01423722
655 #7 - INDEX TERM--GENRE/FORM
Genre/form data or focus term Fiction.
Source of term fast
Authority record control number or standard number (OCoLC)fst01423787
655 #7 - INDEX TERM--GENRE/FORM
Genre/form data or focus term Graphic novels.
Source of term fast
Authority record control number or standard number (OCoLC)fst01726630
655 #7 - INDEX TERM--GENRE/FORM
Genre/form data or focus term Juvenile works.
Source of term fast
Authority record control number or standard number (OCoLC)fst01411637
655 #7 - INDEX TERM--GENRE/FORM
Genre/form data or focus term Paranormal fiction.
Source of term fast
Authority record control number or standard number (OCoLC)fst01921727
655 #7 - INDEX TERM--GENRE/FORM
Genre/form data or focus term Paranormal fiction.
Source of term lcgft
655 #7 - INDEX TERM--GENRE/FORM
Genre/form data or focus term Graphic novels.
Source of term lcgft
906 ## - LOCAL DATA ELEMENT F, LDF (RLIN)
a 7
b cbc
c copycat
d 2
e ncip
f 20
g y-gencatlg
942 ## - ADDED ENTRY ELEMENTS (KOHA)
Source of classification or shelving scheme Dewey Decimal Classification
Koha item type Books
Suppress in OPAC No
Holdings
Withdrawn status Lost status Source of classification or shelving scheme Damaged status Not for loan Collection Home library Current library Shelving location Date acquired Total Checkouts Full call number Barcode Date last seen Date last checked out Copy number Price effective from Koha item type
    Dewey Decimal Classification     Juvenile Fiction Footprints International School Library Network Toul Kork Campus Footprints International School Library Network Toul Kork Campus A TK Campus, Comic Books (All Reading Levels), B401 Bookcase 1/2, Shelf 3 08/29/2025 1 TER 741.5973 PZ7.T475 G 2025-4313 10/31/2025 10/31/2025 1 08/29/2025 Books